Normal view
MARC view
Entry Topical Term
001 - CONTROL NUMBER
- control field: 25178
003 - CONTROL NUMBER IDENTIFIER
- control field: dpl
005 - DATE AND TIME OF LATEST TRANSACTION
- control field: 20110104120423.0
008 - FIXED-LENGTH DATA ELEMENTS
- fixed length control field: 110104|||a|||||| | ||| d
040 ## - CATALOGING SOURCE
- Original cataloging agency: dpl
- Transcribing agency: dpl
150 ## - HEADING--TOPICAL TERM
- Topical term or geographic name as entry element: Time management.
670 ## - SOURCE DATA FOUND
- Source citation: Work cat.: (dpl): Gray, Clifford F. 25176, Project management :, 2010
670 ## - SOURCE DATA FOUND
- Source citation: Work cat.: (dpl): Gray, Clifford F. 25176, Project management :, 2010
